000 00457nam a2200193Ia 4500
005 20240823030341.0
008 240823s9999||||xx |||||||||||||| ||und||
020 _a1403 91103 7
041 _aENGLISH
082 _A154.6 P3
100 _aMalay Chaudhuri and Arindam Chaudhuri
245 4 _aThe Great Indian Dream
250 _a1st
260 _c2003
_bMacm
500 _aYES
650 _aGeneral Studies
_bGeneral
942 _cBK
999 _c188490
_d188490